Countries that Controlled Former Nazi Germany - Statistics

General Stats
  • This quiz has been taken 640 times
  • The average score is 6 of 8
Answer Stats
Nature of control Country % Correct
Regained lost territory and occupied German and Austrian land France
98%
Regained lost territory and gained new territory Poland
95%
Occupied German and Austrian land United Kingdom
91%
Gained new territory and occupied German and Austrian land Soviet Union
90%
Occupied German and Austrian land United States
86%
Regained lost territory Czechoslovakia
70%
Regained lost territory Luxembourg
32%
Regained lost territory Yugoslavia
31%
No matching quizzes found
Score Distribution
Percent of People with Each Score
Percentile by Number Answered
Your Score History
You have not taken this quiz